Financial accounting: Information for Decisions (Record no. 3557)

MARC details
005 - DATE AND TIME OF LATEST TRANSACTION
control field 20250611134647.0
020 ## - INTERNATIONAL STANDARD BOOK NUMBER
International Standard Book Number 0-324-06954-5
082 ## - DEWEY DECIMAL CLASSIFICATION NUMBER
Classification number LECT 658.154 ING
100 ## - MAIN ENTRY--PERSONAL NAME
Author name INGRAM, R. W.
245 ## - TITLE STATEMENT
Title Financial accounting: Information for Decisions
250 ## - EDITION STATEMENT
Edition statement 4th Ed.
260 ## - PUBLICATION, DISTRIBUTION, ETC.
Place of publication, distribution, etc. Ohio,
Name of publisher, distributor, etc. South-western college,
Date of publication, distribution, etc. 2001.
300 ## - PHYSICAL DESCRIPTION
Extent xxiv, 568p.: ill.; chart, figure, graph, map, picture, table.
Other physical details Glossary & Index,
Dimensions 28cm.
700 ## - ADDED ENTRY--PERSONAL NAME
Other authors/Editors BALDWIN, B. A.
856 ## - ELECTRONIC LOCATION AND ACCESS
Link text Access online book
Electronic name Financial accounting: Information for decisions
Path http://thomsonrights.com
942 ## - ADDED ENTRY ELEMENTS (KOHA)
Source of classification or shelving scheme Dewey Decimal Classification
Koha item type Books
Holdings
Date last seen Total checkouts Full call number Barcode Cost, replacement price Price effective from Koha item type Lost status Source of classification or shelving scheme Damaged status Not for loan Withdrawn status Home library Current library Shelving location Date acquired Cost, normal purchase price
06/10/2025   LECT 658.154 ING 00000011774 150000.00 06/09/2025 Books   Dewey Decimal Classification       College of Business Education Main Library College of Business Education Main Library General Collection 11/28/2014 50000.00